[Event "Titled Tuesday intern op 28th Dec"]
[Site "Chess.com INT"]
[Date "2021.12.28"]
[Round "2"]
[White "Shvedova, Alexandra"]
[Black "Guz, Ari"]
[Result "1-0"]
[WhiteElo "2065"]
[BlackElo "2310"]
[PlyCount "109"]
[EventDate "2021.12.28"]
[EventType "swiss (blitz)"]
[EventRounds "11"]
[EventCountry "USA"]
[SourceTitle "CBM 206 Extra"]
[Source "ChessBase"]
[SourceDate "2022.03.31"]
[SourceVersion "1"]
[SourceVersionDate "2022.03.31"]
[SourceQuality "1"]

1. e4 e5 2. Nf3 Nc6 3. Bc4 Nf6 4. d3 Be7 5. O-O O-O 6. Re1 d6 7. a4 Bg4 8. c3 Re8 9. h3 Bh5 10. a5 a6 11. Nbd2 d5 12. exd5 Nxd5 13. Qb3 Nf4 14. Nxe5 Nxe5 15. Rxe5 Bd6 16. Rxe8+ Qxe8 17. Ne4 Bg6 18. Bxf4 Bxf4 19. Re1 Qc8 20. d4 b5 21. axb6 cxb6 22. Bd5 Rb8 23. Qc4 Qxc4 24. Bxc4 b5 25. Bb3 Kf8 26. Nc5 Rd8 27. Nxa6 Bd6 28. g4 h5 29. Nc5 hxg4 30. hxg4 b4 31. Nb7 Rd7 32. Nxd6 Rxd6 33. f4 bxc3 34. bxc3 Bd3 35. d5 Rb6 36. Ba4 g6 37. Bc6 Bc4 38. Ra1 Kg7 39. Kf2 Rb3 40. Rc1 Kf6 41. Ke3 Ke7 42. Kd4 Ba6 43. Kc5 Rb2 44. Re1+ Kf6 45. d6 Rd2 46. d7 Rd3 47. c4 g5 48. f5 Kg7 49. Bd5 Bxc4 50. Kxc4 Rd2 51. d8=Q Rc2+ 52. Kd3 Rc5 53. f6+ Kg6 54. Be4+ Kh6 55. Qh8# 1-0

[Event "Titled Tuesday intern op 28th Dec"]
[Site "Chess.com INT"]
[Date "2021.12.28"]
[Round "2"]
[White "Sliwicki, Damian"]
[Black "Duneas, John"]
[Result "1-0"]
[WhiteElo "2168"]
[BlackElo "2071"]
[PlyCount "61"]
[EventDate "2021.12.28"]
[EventType "swiss (blitz)"]
[EventRounds "11"]
[EventCountry "USA"]
[SourceTitle "CBM 206 Extra"]
[Source "ChessBase"]
[SourceDate "2022.03.31"]
[SourceVersion "1"]
[SourceVersionDate "2022.03.31"]
[SourceQuality "1"]

1. d4 e6 2. e4 d5 3. Nc3 Nf6 4. Bg5 dxe4 5. Nxe4 Be7 6. Bxf6 gxf6 7. Nf3 a6 8. Qd2 Nd7 9. O-O-O b5 10. Bd3 Bb7 11. Rhe1 Nb6 12. Qh6 Nd5 13. Qg7 Rf8 14. Kb1 Qd7 15. Qxh7 O-O-O 16. Qh6 Nb4 17. Nxf6 Bxf6 18. Qxf6 Nxd3 19. Rxd3 Qd5 20. b3 b4 21. Re5 Qd6 22. Rc5 Rd7 23. Ne5 Re7 24. Ng6 Ree8 25. Nxf8 Rxf8 26. Qe5 Qd7 27. f3 Bc6 28. a3 f6 29. Qg3 bxa3 30. Rdc3 Bb5 31. Rxc7+ 1-0

[Event "Titled Tuesday intern op 28th Dec"]
[Site "Chess.com INT"]
[Date "2021.12.28"]
[Round "2"]
[White "Sokolin, Leonid M"]
[Black "Vifleemskaia, Svetlana"]
[Result "1-0"]
[WhiteElo "2482"]
[BlackElo "1926"]
[PlyCount "79"]
[EventDate "2021.12.28"]
[EventType "swiss (blitz)"]
[EventRounds "11"]
[EventCountry "USA"]
[SourceTitle "CBM 206 Extra"]
[Source "ChessBase"]
[SourceDate "2022.03.31"]
[SourceVersion "1"]
[SourceVersionDate "2022.03.31"]
[SourceQuality "1"]

1. e4 e5 2. Nf3 Nc6 3. Nc3 Nf6 4. Bb5 a6 5. Bxc6 dxc6 6. Nxe5 Bb4 7. O-O O-O 8. d3 Re8 9. Nf3 Bg4 10. h3 Bh5 11. Bg5 h6 12. Bh4 g5 13. Bg3 Bg6 14. Nh2 Nh5 15. Ng4 Kg7 16. Bh2 Qe7 17. Qf3 Rf8 18. Ne3 Qf6 19. Qxf6+ Kxf6 20. Bxc7 Bxc3 21. bxc3 Ke6 22. a4 b5 23. c4 b4 24. a5 Nf4 25. Rfe1 Kd7 26. Bxf4 gxf4 27. Ng4 h5 28. Ne5+ Kd6 29. d4 c5 30. Nxg6 fxg6 31. e5+ Kd7 32. d5 Rf5 33. Re4 Re8 34. Rae1 g5 35. g4 fxg3 36. fxg3 Rf3 37. Kg2 Ref8 38. e6+ Kd6 39. e7 Rf2+ 40. Kg1 1-0

[Event "Titled Tuesday intern op 28th Dec"]
[Site "Chess.com INT"]
[Date "2021.12.28"]
[Round "2"]
[White "Stoyanov, Tsvetan"]
[Black "Bach, Matthias"]
[Result "1-0"]
[WhiteElo "2424"]
[BlackElo "2243"]
[PlyCount "41"]
[EventDate "2021.12.28"]
[EventType "swiss (blitz)"]
[EventRounds "11"]
[EventCountry "USA"]
[SourceTitle "CBM 206 Extra"]
[Source "ChessBase"]
[SourceDate "2022.03.31"]
[SourceVersion "1"]
[SourceVersionDate "2022.03.31"]
[SourceQuality "1"]

1. b3 d6 2. Bb2 e5 3. c4 g6 4. d4 Bg7 5. dxe5 dxe5 6. Qxd8+ Kxd8 7. Nf3 f6 8. Nc3 c6 9. O-O-O+ Ke8 10. Ne4 Nd7 11. Nd6+ Ke7 12. Ba3 Ke6 13. Nxc8 Rxc8 14. Rd6+ Ke7 15. Rxc6+ Kd8 16. Rxc8+ Kxc8 17. e3 Nh6 18. Be2 Ng4 19. Rf1 e4 20. Nd4 Nxh2 21. Rh1 1-0

[Event "Titled Tuesday intern op 28th Dec"]
[Site "Chess.com INT"]
[Date "2021.12.28"]
[Round "2"]
[White "Svane, Frederik"]
[Black "Tokman, Ariel"]
[Result "1-0"]
[WhiteElo "2493"]
[BlackElo "2314"]
[PlyCount "67"]
[EventDate "2021.12.28"]
[EventType "swiss (blitz)"]
[EventRounds "11"]
[EventCountry "USA"]
[SourceTitle "CBM 206 Extra"]
[Source "ChessBase"]
[SourceDate "2022.03.31"]
[SourceVersion "1"]
[SourceVersionDate "2022.03.31"]
[SourceQuality "1"]

1. e4 e5 2. Bc4 Nf6 3. d3 d6 4. Nf3 Be7 5. O-O O-O 6. Re1 Nbd7 7. c3 Rb8 8. a4 a6 9. a5 Nc5 10. Nbd2 Be6 11. b4 Bxc4 12. Nxc4 Ne6 13. h3 Re8 14. Ne3 Bf8 15. Nd5 c6 16. Nxf6+ Qxf6 17. d4 exd4 18. cxd4 d5 19. e5 Qg6 20. Bd2 f6 21. Qb3 fxe5 22. Nxe5 Nxd4 23. Qc3 Rxe5 24. Rxe5 Nf5 25. Rae1 Nd6 26. Re6 Qf7 27. Qg3 Rd8 28. Bg5 Rc8 29. Rxd6 Bxd6 30. Qxd6 Re8 31. Rxe8+ Qxe8 32. Qd8 Qxd8 33. Bxd8 Kf7 34. Bb6 1-0

[Event "Titled Tuesday intern op 28th Dec"]
[Site "Chess.com INT"]
[Date "2021.12.28"]
[Round "2"]
[White "Sviridova, Vlada"]
[Black "Maly, Alexey"]
[Result "0-1"]
[WhiteElo "2144"]
[BlackElo "2368"]
[PlyCount "124"]
[EventDate "2021.12.28"]
[EventType "swiss (blitz)"]
[EventRounds "11"]
[EventCountry "USA"]
[SourceTitle "CBM 206 Extra"]
[Source "ChessBase"]
[SourceDate "2022.03.31"]
[SourceVersion "1"]
[SourceVersionDate "2022.03.31"]
[SourceQuality "1"]

1. d4 d5 2. c4 dxc4 3. Nf3 Nf6 4. e3 e6 5. Bxc4 a6 6. O-O b5 7. Be2 Bb7 8. a4 b4 9. b3 Nbd7 10. Bb2 c5 11. Nbd2 Be7 12. Rc1 O-O 13. Nc4 Qc7 14. Nfe5 Rfd8 15. Bf3 Rac8 16. Bxb7 Qxb7 17. Qf3 Qxf3 18. Nxf3 cxd4 19. Bxd4 Kf8 20. h3 Ke8 21. g4 h6 22. Kg2 Bc5 23. Bxc5 Rxc5 24. Nd6+ Ke7 25. Nb7 Rxc1 26. Rxc1 Rb8 27. Na5 Ke8 28. Rc6 Rb6 29. Rc8+ Ke7 30. Nc6+ Kd6 31. Nfd4 Ne5 32. Na5 Nd5 33. f4 Nxe3+ 34. Kf2 Kd7 35. Kxe3 Kxc8 36. fxe5 Kd7 37. h4 Rb8 38. Nc4 f6 39. Ke4 h5 40. Kf4 hxg4 41. Kxg4 Rh8 42. Nc2 Rb8 43. h5 Ke7 44. Na5 Kd7 45. Nc4 Ke7 46. Kf4 fxe5+ 47. Nxe5 Rf8+ 48. Ke4 Rf5 49. Nxb4 Rxh5 50. Nxa6 Rh4+ 51. Kd3 Rh3+ 52. Kc4 Rh4+ 53. Kc5 Rh5 54. Kd4 Rh4+ 55. Ke3 Rh3+ 56. Nf3 g5 57. Kf2 g4 58. Nd4 Kd6 59. b4 Kd5 60. Ne2 Ra3 61. b5 e5 62. b6 Kc6 0-1

[Event "Titled Tuesday intern op 28th Dec"]
[Site "Chess.com INT"]
[Date "2021.12.28"]
[Round "2"]
[White "Taboas Rodriguez, Daniel"]
[Black "Aung, Thant Zin"]
[Result "0-1"]
[WhiteElo "2367"]
[BlackElo "2268"]
[PlyCount "84"]
[EventDate "2021.12.28"]
[EventType "swiss (blitz)"]
[EventRounds "11"]
[EventCountry "USA"]
[SourceTitle "CBM 206 Extra"]
[Source "ChessBase"]
[SourceDate "2022.03.31"]
[SourceVersion "1"]
[SourceVersionDate "2022.03.31"]
[SourceQuality "1"]

1. d4 Nf6 2. Nf3 d5 3. c4 e6 4. Bg5 Be7 5. Nc3 O-O 6. e3 Ne4 7. Bxe7 Qxe7 8. Rc1 c6 9. Bd3 f5 10. O-O Nd7 11. Qc2 Kh8 12. a3 Ndf6 13. Ne5 Nd7 14. f4 Nxe5 15. fxe5 Nxc3 16. Qxc3 Qg5 17. Rf4 Bd7 18. Rcf1 Qh6 19. R4f2 Qxe3 20. Kh1 dxc4 21. Rf3 Qg5 22. Bxc4 Rad8 23. Rg3 Qe7 24. Qe3 Bc8 25. Rf4 g5 26. Rh3 gxf4 27. Qxf4 Rg8 28. Be2 Bd7 29. Bf3 Be8 30. Qh6 Rg6 31. Qf4 Qg5 32. Rh4 Qxf4 33. Rxf4 b6 34. Kg1 Rg7 35. Kf2 Rgd7 36. Ke3 Rc7 37. b4 c5 38. bxc5 bxc5 39. d5 exd5 40. Rxf5 d4+ 41. Kd2 Bg6 42. Rf6 c4 0-1

[Event "Titled Tuesday intern op 28th Dec"]
[Site "Chess.com INT"]
[Date "2021.12.28"]
[Round "2"]
[White "Taher, Yoseph Theolifus"]
[Black "Kalajzic, Ivan"]
[Result "1-0"]
[WhiteElo "2455"]
[BlackElo "2108"]
[PlyCount "53"]
[EventDate "2021.12.28"]
[EventType "swiss (blitz)"]
[EventRounds "11"]
[EventCountry "USA"]
[SourceTitle "CBM 206 Extra"]
[Source "ChessBase"]
[SourceDate "2022.03.31"]
[SourceVersion "1"]
[SourceVersionDate "2022.03.31"]
[SourceQuality "1"]

1. d4 Nc6 2. d5 Ne5 3. e4 e6 4. f4 Ng6 5. Nf3 Bc5 6. Nc3 d6 7. dxe6 fxe6 8. Bd3 Nf6 9. Qe2 O-O 10. g3 Bb4 11. Bd2 Bd7 12. O-O-O Bc6 13. h4 Bxc3 14. Bxc3 d5 15. Ng5 Qd7 16. e5 Ne8 17. Qh5 h6 18. Bxg6 Rf5 19. Bxf5 exf5 20. e6 Qe7 21. Qg6 Nf6 22. Bxf6 Qxf6 23. Qh7+ Kf8 24. Qh8+ Ke7 25. Qxa8 hxg5 26. hxg5 d4 27. gxf6+ 1-0

[Event "Titled Tuesday intern op 28th Dec"]
[Site "Chess.com INT"]
[Date "2021.12.28"]
[Round "2"]
[White "Tanenbaum, Zachary Chen"]
[Black "Tarasova, Viktoriya"]
[Result "1-0"]
[WhiteElo "2146"]
[BlackElo "2226"]
[PlyCount "71"]
[EventDate "2021.12.28"]
[EventType "swiss (blitz)"]
[EventRounds "11"]
[EventCountry "USA"]
[SourceTitle "CBM 206 Extra"]
[Source "ChessBase"]
[SourceDate "2022.03.31"]
[SourceVersion "1"]
[SourceVersionDate "2022.03.31"]
[SourceQuality "1"]

1. e4 e5 2. Nf3 Nc6 3. Bc4 Bc5 4. c3 Nf6 5. d3 d6 6. Nbd2 a6 7. a4 h6 8. Nf1 Ba7 9. Ng3 Be6 10. Bxe6 fxe6 11. O-O O-O 12. Be3 Bxe3 13. fxe3 d5 14. Nd2 d4 15. exd4 exd4 16. Nc4 b5 17. axb5 axb5 18. Rxa8 Qxa8 19. Na3 dxc3 20. Nxb5 cxb2 21. Qb3 Kh8 22. Qxb2 Rb8 23. Rxf6 gxf6 24. Qxf6+ Kh7 25. Nh5 Rg8 26. h3 Qa5 27. Qxe6 Qa1+ 28. Kh2 Qe5+ 29. Qxe5 Nxe5 30. Nf6+ Kg7 31. Nxg8 Kxg8 32. d4 Nc6 33. d5 Ne7 34. Nxc7 Kf7 35. e5 Nf5 36. d6 1-0

[Event "Titled Tuesday intern op 28th Dec"]
[Site "Chess.com INT"]
[Date "2021.12.28"]
[Round "2"]
[White "Tasev, Dejan"]
[Black "Makarian, Rudik"]
[Result "1-0"]
[WhiteElo "2272"]
[BlackElo "2509"]
[PlyCount "69"]
[EventDate "2021.12.28"]
[EventType "swiss (blitz)"]
[EventRounds "11"]
[EventCountry "USA"]
[SourceTitle "CBM 206 Extra"]
[Source "ChessBase"]
[SourceDate "2022.03.31"]
[SourceVersion "1"]
[SourceVersionDate "2022.03.31"]
[SourceQuality "1"]

1. e4 d6 2. d4 Nf6 3. Nc3 e5 4. Nge2 Be7 5. g3 O-O 6. Bg2 Re8 7. O-O Bf8 8. h3 h6 9. b3 b6 10. Bb2 Bb7 11. d5 c6 12. dxc6 Nxc6 13. Nd5 Nxd5 14. exd5 Ne7 15. c4 g6 16. f4 Nf5 17. Qd2 Bg7 18. g4 Nh4 19. f5 Nxg2 20. Kxg2 b5 21. Ng3 bxc4 22. bxc4 Rc8 23. Rac1 e4 24. fxg6 fxg6 25. Bxg7 e3 26. Qd4 e2 27. Rfe1 Qa5 28. Bxh6 Rc7 29. Rxe2 Rxe2+ 30. Nxe2 Qxa2 31. Rf1 Kh7 32. Bd2 Re7 33. Rf2 Qc2 34. Qf4 Qd3 35. Qh6+ 1-0

[Event "Titled Tuesday intern op 28th Dec"]
[Site "Chess.com INT"]
[Date "2021.12.28"]
[Round "2"]
[White "Tsukerman, Julia"]
[Black "Ramirez, Vido Robert"]
[Result "1/2-1/2"]
[WhiteElo "1523"]
[BlackElo "2104"]
[PlyCount "69"]
[EventDate "2021.12.28"]
[EventType "swiss (blitz)"]
[EventRounds "11"]
[EventCountry "USA"]
[SourceTitle "CBM 206 Extra"]
[Source "ChessBase"]
[SourceDate "2022.03.31"]
[SourceVersion "1"]
[SourceVersionDate "2022.03.31"]
[SourceQuality "1"]

1. e4 d6 2. d4 Nf6 3. Nc3 g6 4. Be3 c6 5. f3 Qa5 6. Qd2 b5 7. g4 Nbd7 8. h4 Nb6 9. h5 Nc4 10. Bxc4 bxc4 11. hxg6 fxg6 12. Nge2 Rb8 13. b3 cxb3 14. cxb3 Rxb3 15. O-O Rb8 16. d5 c5 17. Bh6 Ba6 18. Qe3 Rb2 19. Rab1 Bxe2 20. Nxe2 Qxa2 21. Rxb2 Qxb2 22. Bxf8 Rxf8 23. Nf4 Kf7 24. Ne6 Rg8 25. Qh6 Qe5 26. g5 Qg3+ 27. Kh1 Ne8 28. Qxh7+ Ng7 29. f4 Qd3 30. Re1 Qf3+ 31. Kg1 Qg3+ 32. Kf1 Qf3+ 33. Kg1 Qg3+ 34. Kf1 Qf3+ 35. Kg1 1/2-1/2

[Event "Titled Tuesday intern op 28th Dec"]
[Site "Chess.com INT"]
[Date "2021.12.28"]
[Round "2"]
[White "Wagner, Dinara"]
[Black "Li, Hui"]
[Result "1-0"]
[WhiteElo "2325"]
[BlackElo "1967"]
[PlyCount "101"]
[EventDate "2021.12.28"]
[EventType "swiss (blitz)"]
[EventRounds "11"]
[EventCountry "USA"]
[SourceTitle "CBM 206 Extra"]
[Source "ChessBase"]
[SourceDate "2022.03.31"]
[SourceVersion "1"]
[SourceVersionDate "2022.03.31"]
[SourceQuality "1"]

1. d4 Nf6 2. c4 e6 3. f3 d5 4. Nc3 c5 5. cxd5 exd5 6. e3 cxd4 7. Qxd4 Nc6 8. Bb5 Be7 9. Nge2 O-O 10. Bxc6 bxc6 11. O-O Qb6 12. Na4 Qxd4 13. exd4 Ba6 14. Re1 Bb4 15. Nec3 Rfe8 16. Bg5 Nd7 17. a3 Bf8 18. b4 f6 19. Bf4 Kf7 20. Kf2 Rxe1 21. Rxe1 Re8 22. Rc1 Bc4 23. Nb2 Ba6 24. Be3 g6 25. Rc2 Nb6 26. Nca4 Nxa4 27. Nxa4 Bc4 28. Nb2 Bb5 29. a4 Ba6 30. Rxc6 Bc8 31. b5 Bd7 32. Rc7 Ke6 33. Rxa7 Ba3 34. Nd3 Rc8 35. Nc5+ Bxc5 36. dxc5 d4 37. Bxd4 f5 38. c6 Be8 39. Rxh7 Kd5 40. Be3 Ra8 41. Rh8 Bxc6 42. Rxa8 Bxa8 43. Kg3 Kc4 44. Kf4 Kb4 45. Kg5 Kxa4 46. b6 Kb5 47. Kxg6 f4 48. Bxf4 Kxb6 49. h4 Kc6 50. h5 Kd7 51. h6 1-0

[Event "Titled Tuesday intern op 28th Dec"]
[Site "Chess.com INT"]
[Date "2021.12.28"]
[Round "2"]
[White "Winkels, Marcel"]
[Black "Krzywda, Andrzej"]
[Result "0-1"]
[WhiteElo "1979"]
[BlackElo "2110"]
[PlyCount "112"]
[EventDate "2021.12.28"]
[EventType "swiss (blitz)"]
[EventRounds "11"]
[EventCountry "USA"]
[SourceTitle "CBM 206 Extra"]
[Source "ChessBase"]
[SourceDate "2022.03.31"]
[SourceVersion "1"]
[SourceVersionDate "2022.03.31"]
[SourceQuality "1"]

1. e4 c5 2. Nc3 Nc6 3. g3 g6 4. Bg2 Bg7 5. d3 d6 6. f4 Rb8 7. Nf3 b5 8. O-O b4 9. Ne2 h5 10. h3 Nf6 11. e5 dxe5 12. Nxe5 Nxe5 13. fxe5 Nd5 14. Nf4 Nxf4 15. Bxf4 Be6 16. Kh2 O-O 17. Qe2 Qd4 18. b3 Rbc8 19. Rae1 a5 20. Qd2 Rfd8 21. Re4 Qd7 22. Bh6 Bh8 23. Re2 Kh7 24. Bg5 Bg7 25. Bf4 Bd5 26. Bxd5 Qxd5 27. Qe3 e6 28. Bg5 Rd7 29. Bf6 Qd4 30. Qf3 Bh6 31. g4 hxg4 32. hxg4 Kg8 33. Qh3 Bg7 34. Bxg7 Kxg7 35. Kg2 Rh8 36. Qf3 Qd5 37. Qxd5 Rxd5 38. Ref2 Rf8 39. Re1 a4 40. bxa4 Ra8 41. Ref1 Rd7 42. Rf4 Rxa4 43. Rc4 Rd5 44. Rff4 Rxa2 45. Kf3 Rxe5 46. d4 cxd4 47. Rfxd4 Rb2 48. Rxb4 Rxc2 49. Rb7 Rc3+ 50. Kf2 Rec5 51. Rdd7 Rc2+ 52. Ke3 R5c3+ 53. Kd4 Rf3 54. g5 Rd2+ 55. Ke4 Rxd7 56. Rxd7 Rf5 0-1

[Event "Titled Tuesday intern op 28th Dec"]
[Site "Chess.com INT"]
[Date "2021.12.28"]
[Round "2"]
[White "Zherebtsova, Alexandra"]
[Black "Kazancev, Valerij M"]
[Result "1-0"]
[WhiteElo "2182"]
[BlackElo "2313"]
[PlyCount "119"]
[EventDate "2021.12.28"]
[EventType "swiss (blitz)"]
[EventRounds "11"]
[EventCountry "USA"]
[SourceTitle "CBM 206 Extra"]
[Source "ChessBase"]
[SourceDate "2022.03.31"]
[SourceVersion "1"]
[SourceVersionDate "2022.03.31"]
[SourceQuality "1"]

1. d4 Nf6 2. Nf3 b5 3. a4 b4 4. c4 c5 5. b3 g6 6. d5 Bg7 7. Bb2 O-O 8. Nbd2 d6 9. Qc2 Bf5 10. e4 Nxe4 11. Bxg7 Nxd2 12. Qb2 Nxf3+ 13. gxf3 Re8 14. h4 f6 15. Bh6 e5 16. O-O-O Nd7 17. Rg1 Kf7 18. Qd2 Rg8 19. Be2 Qe7 20. Rg3 Rae8 21. Rdg1 Nb6 22. Bd3 Bxd3 23. Qxd3 e4 24. Qc2 Qe5 25. fxe4 Qxe4 26. Qd2 Nd7 27. Be3 Qxh4 28. Rg4 Qh3 29. R1g3 Qh1+ 30. Rg1 Qf3 31. R1g3 Qf5 32. Rf4 Qh5 33. Kb2 Ne5 34. Qc2 Ke7 35. a5 a6 36. Qb1 f5 37. Ka1 Qe2 38. Qb2 Qd1+ 39. Ka2 Nd3 40. Qd2 Qxd2+ 41. Bxd2 Nxf2 42. Rxf2 Kf7 43. Bg5 Re4 44. Rh2 h5 45. Rhg2 Rge8 46. Bd2 Re2 47. Kb2 h4 48. Rxg6 Rxg2 49. Rxg2 Re4 50. Rh2 Kg6 51. Kc2 Kh5 52. Kd3 Kg4 53. Rf2 h3 54. Be3 Kg3 55. Rf1 h2 56. Re1 f4 57. Kxe4 fxe3 58. Rxe3+ Kg2 59. Re1 Kf2 60. Rc1 1-0

[Event "Titled Tuesday intern op 28th Dec"]
[Site "Chess.com INT"]
[Date "2021.12.28"]
[Round "2"]
[White "Zhuravleva, Olga"]
[Black "Panesar, Vedant"]
[Result "0-1"]
[WhiteElo "2278"]
[BlackElo "2379"]
[PlyCount "72"]
[EventDate "2021.12.28"]
[EventType "swiss (blitz)"]
[EventRounds "11"]
[EventCountry "USA"]
[SourceTitle "CBM 206 Extra"]
[Source "ChessBase"]
[SourceDate "2022.03.31"]
[SourceVersion "1"]
[SourceVersionDate "2022.03.31"]
[SourceQuality "1"]

1. e4 e6 2. d4 d5 3. Nd2 a6 4. c3 c5 5. exd5 exd5 6. Ngf3 Nf6 7. dxc5 Bxc5 8. Bd3 O-O 9. O-O Nc6 10. Nb3 Be7 11. Nbd4 Bg4 12. h3 Bh5 13. Qb3 Qc7 14. Bg5 Rad8 15. Rfe1 Rfe8 16. Re3 Bxf3 17. Nxf3 d4 18. cxd4 h6 19. Bh4 Nd5 20. Bxe7 Rxe7 21. Rxe7 Ndxe7 22. Rc1 Nd5 23. Ne5 Nf4 24. Be4 Rxd4 25. Bxc6 Ne2+ 26. Kf1 Nxc1 27. Qc2 Qxe5 28. Bf3 Qb5+ 29. Kg1 Qc4 30. Qf5 g6 31. Qe5 Nd3 32. Qe8+ Kg7 33. Bxb7 Qc1+ 34. Kh2 Qc7+ 35. Kg1 Qxb7 36. Qe3 Qd5 0-1

[Event "Titled Tuesday intern op 28th Dec"]
[Site "Chess.com INT"]
[Date "2021.12.28"]
[Round "3"]
[White "Al Hosani, Omran"]
[Black "Sztokbant, Bernardo Vainzoff"]
[Result "0-1"]
[WhiteElo "2202"]
[BlackElo "2194"]
[PlyCount "148"]
[EventDate "2021.12.28"]
[EventType "swiss (blitz)"]
[EventRounds "11"]
[EventCountry "USA"]
[SourceTitle "CBM 206 Extra"]
[Source "ChessBase"]
[SourceDate "2022.03.31"]
[SourceVersion "1"]
[SourceVersionDate "2022.03.31"]
[SourceQuality "1"]

1. e4 c5 2. Nf3 Nc6 3. d4 cxd4 4. Nxd4 d6 5. Nc3 Nf6 6. Bg5 e6 7. f4 Be7 8. Qd3 a6 9. O-O-O Qc7 10. Nxc6 bxc6 11. Qg3 e5 12. Bc4 Nh5 13. Qf3 Nxf4 14. Bxf4 exf4 15. Qxf4 O-O 16. Rhf1 Be6 17. Bb3 Qa5 18. Kb1 Rab8 19. h4 Qh5 20. g3 a5 21. Na4 c5 22. Bd5 Rb4 23. Nc3 Rfb8 24. b3 Bf6 25. Bxe6 fxe6 26. Qxd6 Bxc3 27. Qxe6+ Kh8 28. Rd5 Qe8 29. Qxe8+ Rxe8 30. Rxc5 Bf6 31. c4 h6 32. Kc2 Rxe4 33. Rd1 Re2+ 34. Rd2 Rxd2+ 35. Kxd2 a4 36. Kc2 axb3+ 37. axb3 Rb8 38. Rd5 Re8 39. c5 Re3 40. b4 Rxg3 41. h5 Kg8 42. b5 Kf7 43. b6 Ke6 44. Rd6+ Ke7 45. b7 Rc3+ 46. Kd2 Rb3 47. Ra6 Rxb7 48. c6 Rc7 49. Kd3 Kd6 50. Ke4 Rxc6 51. Ra7 Rc4+ 52. Kf5 Rc5+ 53. Kg4 Rg5+ 54. Kf4 Rxh5 55. Ra6+ Ke7 56. Ra7+ Kf8 57. Ra8+ Kf7 58. Ra7+ Kg8 59. Ra8+ Kh7 60. Kg4 Rh4+ 61. Kg3 Rb4 62. Ra6 Kg6 63. Kf3 h5 64. Kg3 h4+ 65. Kh3 Rb3+ 66. Kg2 Kf5 67. Ra5+ Be5 68. Ra4 g5 69. Rc4 g4 70. Rc8 Rb2+ 71. Kf1 Ke4 72. Rg8 Kf3 73. Rf8+ Bf4 74. Ke1 Rb1# 0-1

[Event "Titled Tuesday intern op 28th Dec"]
[Site "Chess.com INT"]
[Date "2021.12.28"]
[Round "3"]
[White "Aldokhin, Ivan"]
[Black "Derraugh, Geordie"]
[Result "0-1"]
[WhiteElo "2413"]
[BlackElo "2209"]
[PlyCount "126"]
[EventDate "2021.12.28"]
[EventType "swiss (blitz)"]
[EventRounds "11"]
[EventCountry "USA"]
[SourceTitle "CBM 206 Extra"]
[Source "ChessBase"]
[SourceDate "2022.03.31"]
[SourceVersion "1"]
[SourceVersionDate "2022.03.31"]
[SourceQuality "1"]

1. e4 c5 2. Nf3 d6 3. d4 cxd4 4. Nxd4 Nf6 5. Nc3 a6 6. Bc4 e6 7. Bb3 Be7 8. Qf3 Qc7 9. O-O O-O 10. Qg3 Kh8 11. Bg5 Nc6 12. Nxc6 bxc6 13. f4 a5 14. e5 Nd5 15. Ne4 Qb6+ 16. Kh1 Bxg5 17. Nxg5 Ne3 18. Rfe1 Nf5 19. Qh3 h6 20. a4 Kg8 21. Ne4 d5 22. Ng3 Nxg3+ 23. Qxg3 c5 24. f5 c4 25. f6 g6 26. Qf4 g5 27. Qg4 cxb3 28. h4 Kh7 29. c4 Rg8 30. Rac1 gxh4 31. Qh5 Rg6 32. c5 Qb4 33. c6 Qg4 34. Qxg4 Rxg4 35. c7 Rxa4 36. Rc5 Rc4 37. Rc1 Rxc1+ 38. Rxc1 a4 39. Rc3 Kg6 40. Kh2 Kf5 41. Kh3 Kxe5 42. Kxh4 Kxf6 43. Kh5 d4 44. Rf3+ Ke7 45. Kxh6 e5 46. g3 Be6 47. g4 a3 48. bxa3 b2 49. Rf1 Ba2 50. g5 b1=Q 51. Rxb1 Bxb1 52. Kg7 Kd7 53. a4 Kxc7 54. a5 Ra6 55. Kf8 Rg6 56. Ke7 Rxg5 57. Ke8 Kb7 58. a6+ Kxa6 59. Ke7 e4 60. Kf6 Rd5 61. Ke7 d3 62. Ke8 d2 63. Ke7 e3 0-1

[Event "Titled Tuesday intern op 28th Dec"]
[Site "Chess.com INT"]
[Date "2021.12.28"]
[Round "3"]
[White "Aradhya, Garg"]
[Black "Heinemann, Josefine"]
[Result "1-0"]
[WhiteElo "2236"]
[BlackElo "2369"]
[PlyCount "59"]
[EventDate "2021.12.28"]
[EventType "swiss (blitz)"]
[EventRounds "11"]
[EventCountry "USA"]
[SourceTitle "CBM 206 Extra"]
[Source "ChessBase"]
[SourceDate "2022.03.31"]
[SourceVersion "1"]
[SourceVersionDate "2022.03.31"]
[SourceQuality "1"]

1. d4 Nf6 2. c4 e6 3. Nf3 d5 4. Bf4 dxc4 5. e3 c5 6. Bxc4 cxd4 7. Qxd4 Qxd4 8. Nxd4 a6 9. Nd2 Bd7 10. N2f3 Nc6 11. Ke2 Rc8 12. Rac1 Bb4 13. a3 Ba5 14. Nxc6 Bxc6 15. Ne5 Ke7 16. Nxc6+ Rxc6 17. Bd3 Rhc8 18. Rxc6 Rxc6 19. Be5 h6 20. f3 Bc7 21. Bc3 Bd6 22. a4 Kf8 23. e4 Nd7 24. g3 f6 25. f4 Ke7 26. Rd1 Nc5 27. Bc2 b5 28. axb5 axb5 29. Ra1 Rc7 30. e5 1-0

[Event "Titled Tuesday intern op 28th Dec"]
[Site "Chess.com INT"]
[Date "2021.12.28"]
[Round "3"]
[White "Bach, Matthias"]
[Black "Sokolin, Leonid M"]
[Result "1-0"]
[WhiteElo "2243"]
[BlackElo "2482"]
[PlyCount "65"]
[EventDate "2021.12.28"]
[EventType "swiss (blitz)"]
[EventRounds "11"]
[EventCountry "USA"]
[SourceTitle "CBM 206 Extra"]
[Source "ChessBase"]
[SourceDate "2022.03.31"]
[SourceVersion "1"]
[SourceVersionDate "2022.03.31"]
[SourceQuality "1"]

1. d4 Nf6 2. c4 e6 3. Nc3 Bb4 4. Bg5 c5 5. d5 Bxc3+ 6. bxc3 d6 7. e3 h6 8. Bh4 g5 9. Bg3 e5 10. Bd3 Qa5 11. Qc2 Nbd7 12. Ne2 h5 13. h4 g4 14. O-O Rg8 15. Rab1 a6 16. Bf5 Kd8 17. Rb2 Kc7 18. Rfb1 Rb8 19. Nc1 b5 20. Nd3 Qa4 21. Qd2 Qxc4 22. Bxd7 Nxd7 23. Nc1 f5 24. Ne2 Rf8 25. Rd1 Bb7 26. Qc2 Rbe8 27. Nc1 Bxd5 28. a4 bxa4 29. Qd2 Nf6 30. Na2 Rb8 31. Rxb8 Rxb8 32. f3 Qxa2 33. e4 1-0

[Event "Titled Tuesday intern op 28th Dec"]
[Site "Chess.com INT"]
[Date "2021.12.28"]
[Round "3"]
[White "Botea, David Alexandru"]
[Black "Srebrnic, Marko"]
[Result "0-1"]
[WhiteElo "1909"]
[BlackElo "2372"]
[PlyCount "74"]
[EventDate "2021.12.28"]
[EventType "swiss (blitz)"]
[EventRounds "11"]
[EventCountry "USA"]
[SourceTitle "CBM 206 Extra"]
[Source "ChessBase"]
[SourceDate "2022.03.31"]
[SourceVersion "1"]
[SourceVersionDate "2022.03.31"]
[SourceQuality "1"]

1. e4 c5 2. Nf3 Nc6 3. d4 cxd4 4. Nxd4 e5 5. Nb5 d6 6. N1c3 a6 7. Na3 Be7 8. Nd5 Nf6 9. Nxf6+ Bxf6 10. Be3 O-O 11. Be2 Bg5 12. Bxg5 Qxg5 13. O-O Bh3 14. Bf3 Rad8 15. Kh1 Be6 16. c3 Ne7 17. Nc2 Ng6 18. Ne3 Nh4 19. g3 Nxf3 20. Qxf3 f5 21. exf5 d5 22. h4 Qe7 23. Qg4 Bc8 24. Rad1 d4 25. cxd4 exd4 26. Rxd4 b5 27. Rfd1 Bb7+ 28. Kh2 Rxd4 29. Qxd4 Kh8 30. Qd6 Qe8 31. Rd4 h6 32. Qd7 Qb8 33. Rd6 Bc8 34. Qe7 Rg8 35. f6 Qb7 36. fxg7+ Kh7 37. Qe4+ Qxe4 0-1